Catalizadores bimetálicos modelo : estudios teóricos sobre la Adsorción de monóxido de carbono en Pd/W /
Guardado en:
| Otros Autores: | |
|---|---|
| Formato: | Manuscrito |
| Idioma: | Spanish |
| Publicado: |
1995.
|
| Materias: | |
| Etiquetas: |
Agregar Etiqueta
Sin Etiquetas, Sea el primero en etiquetar este registro!
|
| LEADER | 01066ntm a22002535a 4500 | ||
|---|---|---|---|
| 001 | EIQ.libpla002550 | ||
| 008 | 070629s1995####ag#a#####bm###000#0#spa#d | ||
| 005 | 20070703173829.0 | ||
| 245 | 1 | 0 | |a Catalizadores bimetálicos modelo : |b estudios teóricos sobre la Adsorción de monóxido de carbono en Pd/W / |c Ricardo Mario Ferullo. |
| 260 | |c 1995. | ||
| 300 | |a vi, 177 p. : |b il. ; |c 21 cm. | ||
| 502 | |a Tesis (doctorado)--Universidad Nacional del Sur. Departamento de Ingeniería Química, 1995. | ||
| 500 | |a Director de tesis: Dr. Norberto J. Castellani. | ||
| 504 | |a Incluye referencias bibliográficas. | ||
| 100 | 1 | |a Ferullo, Ricardo Mario. |4 dis | |
| 710 | 2 | |a Universidad Nacional del Sur (UNS). |b Dto. de Ingeniería Química |4 dgg. | |
| 650 | 4 | |a Catálisis |x Tesis. | |
| 650 | 4 | |a Catálisis |x Adsorción. | |
| 650 | 4 | |a Catálisis |x Catalizadores bimetálicos. | |
| 650 | 4 | |a Catalysis |x Thesis. | |
| 650 | 4 | |a Catalysis |x Adsorcion. | |
| 650 | 4 | |a Catalysis |x Bimetallic catalysts. | |
| 040 | |a AR-BbSID |b spa |c AR-BbSID | ||
| 859 | |a AR-BbSID |b BIB. PLAPIQUI |h 541.395 |i F 419 |p 5097 | ||
